000
00304nam a22001457a 4500
008
230529b ||||| |||| 00| 0 eng d
020
_a
9782842281144
041
_a
FRA
080
_a
82
082
_a
82
100
_a
38
101
_a
GJL
245
_a
LUMIERE TENEBRES
_c
HOSSEIN .R
942
_2
udc
_c
BK
999
_c
59858
_d
59858